00730nam a2200217Ia 4500003000900000008004100009020001800050040001600068080001500084100002300099245012800122260003900250300001000289490004100299650003100340650002700371650003800398650003400436700002100470700002100491IN-BaIIA211028s9999 xx 000 0 eng d a0-7503-0883-4 cIIA Library a52-17bBOD aBodenheimer, Peter 0aNumerical methods in astrophysicsban introductioncPeter Bodenheimer…[et al.]  aNew YorkbTaylor and Francisc2007 a329p. aSeries in astronomy and astrophysics aAstrophysics - mathematics aDifferential equations aHydrodynamics, Radiative transfer aPartial - numerical solutions aRozyczka, Michal aYorke, Horold W.